Sistema Arterial ACP - Carótida Interna - Statistics

Estatísticas Gerais
  • Esse quiz foi jogado 40 vezes
  • A pontuação média é 13 de 29
Estatísticas das Respostas
Ramos de origem Ramos colaterais % Correto
Carótida Interna (terminal) Artéria cerebral anterior
80%
Carótida Interna (terminal) Artéria cerebral média
80%
Carótida Interna (terminal) Artéria comunicante posterior
80%
Carótida Interna (Ramos Cavernosos) Artéria oftálmica
80%
Artéria oftálmica (por fora do nervo ótico) Artéria central da retina
70%
Carótida Interna (Ramos Petrosos) Artéria carótico-timpânica
60%
Carótida Interna (terminal) Artéria coroideia anterior
60%
Artéria oftálmica (por fora do nervo ótico) Artéria lacrimal
60%
Carótida Interna (Ramos Petrosos) Artéria do canal pterigoideu
50%
Artéria oftálmica (terminal) Artéria dorsal do nariz
50%
Carótida Interna (Ramos Cavernosos) Artéria semilunar
50%
Artéria oftálmica (por cima do nervo ótico) Artéria supra-orbitária
50%
Artéria oftálmica (terminal) Artéria supratroclear
50%
Artéria oftálmica (por dentro do nervo ótico) Artéria etmoidal anterior
40%
Artéria oftálmica (por dentro do nervo ótico) Artéria etmoidal posterior
40%
Carótida Interna Ramos cervicais
40%
Artéria cerebral anterior Artéria comunicante anterior
30%
Artéria oftálmica (por cima do nervo ótico) Artérias ciliares posteriores curtas e longas
30%
Artéria oftálmica (por cima do nervo ótico) Artérias musculares superiores e inferiores
30%
Artéria oftálmica (por dentro do nervo ótico) Artérias palpebrais superiores e inferiores
30%
Artéria cerebral anterior Ramos centrais
30%
Artéria cerebral anterior Ramos corticais orbitários
30%
Artéria cerebral média Ramos corticais orbitários
30%
Artéria cerebral anterior Ramos frontais
30%
Artéria cerebral média Ramos frontais
30%
Artéria cerebral anterior Ramos parietais
30%
Artéria cerebral média Ramos temporais
30%
Artéria cerebral média Ramos centrais ou estriados
20%
Artéria cerebral média Ramos parietais
20%
Nenhum quiz correspondente encontrado
Distribuição das Pontuações
Porcentagem de Pessoas com Cada Pontuação
Percentil de Números Respondidos
Sua Pontuação Histórica
Você não jogou esse quiz